| 000 | 01027pam a2200313 a 4500 | ||
|---|---|---|---|
| 001 | 2540463 | ||
| 003 | OSt | ||
| 005 | 20140310181629.0 | ||
| 008 | 940308s1994 cou b 001 0 eng | ||
| 010 | _a 94008011 | ||
| 020 | _a1563082470 | ||
| 040 |
_aDLC _cDLC _dDLC |
||
| 043 | _an-us--- | ||
| 050 | 0 | 0 |
_aZ 678 _b.On58 1994 |
| 082 | 0 | 0 |
_aTR 004.02E _220 _bW33 2000 |
| 100 | 1 |
_aO'Neil, Rosanna M., _d1957- |
|
| 245 | 1 | 0 |
_aTotal quality management in libraries : _ba sourcebook / _cRosanna M. O'Neil. |
| 260 |
_aEnglewood, Colo. : _bLibraries Unlimited, _cc1994. |
||
| 300 |
_a194 p. : _c24 cm. _bill. ; |
||
| 500 | _aIncludes bibliographical references and index. | ||
| 521 | _aFaculty | ||
| 541 | _j1 | ||
| 562 | _e1 | ||
| 650 | 0 |
_aLibrary administration _zUnited States. |
|
| 650 | 0 | _aTotal quality management. | |
| 906 |
_a7 _bcbc _corignew _d1 _eocip _f19 _gy-gencatlg |
||
| 942 |
_2lcc _cBK-TR _kTR |
||
| 999 |
_c431 _d431 |
||